Paroles - l’enfer - Stromae - Statistiques

Statistiques générales
  • Ce quiz a été pris 341 fois
  • Le résultat moyen est 182 sur 222
Statistiques - réponses
Réponse % Correct
Je
99%
De
98%
Suis
98%
À
97%
A
97%
Et
97%
La
97%
97%
Se
96%
Seul
96%
Tout
95%
Pas
94%
Ce
93%
Ce-
93%
Moi
93%
Dans
92%
Le
92%
Pensé
92%
Ca
91%
Des
91%
Enfer
91%
J’ai
91%
Me
91%
Tête
91%
Ces
90%
Etre
90%
On
90%
Dejà
89%
Déjà
89%
Fait
89%
Les
89%
Pensées
89%
Que
89%
Qui
89%
Un
89%
Est
88%
Est-
88%
Eu
88%
Peu
88%
Font
87%
J’en
87%
Vivre
87%
C’est
86%
Fier
86%
Suicidaires
86%
Moins
85%
Faire
84%
Parfois
84%
Y
84%
Seule
81%
Taire
81%
Du
80%
Manière
80%
Quoi
80%
Si
80%
Mais
79%
Coup
76%
Nous
76%
Ont
76%
Beaucoup
75%
D’autres
74%
Chaîne
73%
Combien
73%
Croit
73%
Culpabilité?
73%
Télé
73%
Sens
72%
Ai
69%
Bien
69%
Plein
69%
Qu’il
68%
Dire
67%
Quand
67%
Comptais
65%
Même
64%
Sais
63%
Toi
62%
Malgré
61%
Trop
61%
Tu
60%
Idées
59%
Pour
59%
Problème
58%
Avec
57%
Vraiment
56%
Changer
55%
Faut
55%
Réfléchi
54%
S’arrête
52%
Mûrement
49%
Justement,
47%
Tard
43%
Oublier
42%
Réfléchir
40%
Vite
40%
Repart
36%
J’aimerais
32%
Sinon
30%
Aucun quiz correspondant
Distribution des résultats
% des personnes avec chaque résultat
Percentile par nombre de réponses
Votre historique - résultats
Vous n’avez pas pris ce quiz